LEADER 00995nam0-2200337---450- 001 990009538630403321 005 20120306094225.0 010 $a9788808059758 035 $a000953863 035 $aFED01000953863 035 $a(Aleph)000953863FED01 035 $a000953863 100 $a20120306d2010----km-y0itay50------ba 101 0 $aita 102 $aIT 105 $a--------001yy 200 1 $aIdee per diventare lessicografo$ecambiare il vocabolario dell'italiano che cambia$fMario Cannella 210 $aBologna$cZanichelli$d2010 215 $a144 p.$cill.$d18 cm 225 1 $a<>mestieri della scienza$v12 610 0 $aLingua italiana$aLessico 610 0 $aLessicografia$aItalia 676 $a453.028 700 1$aCannella,$bMario$0287510 801 0$aIT$bUNINA$gRICA$2UNIMARC 901 $aBK 912 $a990009538630403321 952 $a453.028 CAN 1$bDip.Fil.Mod.18453$fFLFBC 959 $aFLFBC 996 $aIdee per diventare lessicografo$9855103 997 $aUNINA LEADER 00980nam--2200337---450- 001 990003237260203316 005 20090506164136.0 035 $a000323726 035 $aUSA01000323726 035 $a(ALEPH)000323726USA01 035 $a000323726 100 $a20090506d1973----km-y0itay50------ba 101 $afre 102 $aFR 105 $a||||||||001yy 200 1 $aConsommateurs ou consommés?$fChristian Doremus, Gilbert Sautry 210 $aParis$cEditions du Seuil$dcopyr. 1973 215 $a203 p.$cill.$d21 cm 606 0 $aConsumatori$yFrancia 676 $a381.3 700 1$aDOREMUS,$bChristian$0374905 701 1$aSAUTRAY,$bGilbert$0120357 801 0$aIT$bsalbc$gISBD 912 $a990003237260203316 951 $a381.3 DOR 1$b28217 EC$c381.3$d00208150 959 $aBK 969 $aECO 979 $aRSIAV3$b90$c20090506$lUSA01$h1639 979 $aRSIAV3$b90$c20090506$lUSA01$h1641 996 $aConsommateurs ou consommés$91013538 997 $aUNISA